[Event "ODJM B 2024"]
[Site "Willingen GER"]
[Date "2024.05.23"]
[Round "7"]
[White "Haidekker, Kilian"]
[Black "Stülcken, Philipp"]
[Result "1/2-1/2"]
[Termination "normal"]
[Board "18"]
[WhiteElo "1690"]
[BlackElo "1780"]
[WhiteClock "00:25:18"]
[BlackClock "00:29:26"]
[PlyCount "83"]
[WhiteFideId "34621741"]
[BlackFideId "12986232"]
[EventCountry "GER"]
[EventRounds "9"]
[EventType "swiss"]
[EventDate "2024.05.18"]

1. e4 {[%clk 01:30:59]} e5 {[%clk 01:30:56]} {[%emt 00:00:04]} 2. Nf3 {[%clk
01:31:25]} {[%emt 00:00:04]} Nc6 {[%clk 01:31:21]} {[%emt 00:00:05]} 3. Bc4
{[%clk 01:31:49]} {[%emt 00:00:07]} Nf6 {[%clk 01:31:45]} {[%emt 00:00:05]} 4.
d3 {[%clk 01:32:11]} {[%emt 00:00:08]} Bc5 {[%clk 01:32:07]} {[%emt 00:00:09]}
5. O-O {[%clk 01:31:54]} {[%emt 00:00:47]} d6 {[%clk 01:32:21]} {[%emt
00:00:16]} 6. c3 {[%clk 01:32:05]} {[%emt 00:00:17]} a6 {[%clk 01:32:37]}
{[%emt 00:00:15]} 7. b4 {[%clk 01:31:03]} {[%emt 00:01:32]} Ba7 {[%clk
01:32:50]} {[%emt 00:00:16]} 8. Nbd2 {[%clk 01:24:34]} {[%emt 00:07:00]} O-O
{[%clk 01:32:59]} {[%emt 00:00:21]} 9. h3 {[%clk 01:16:39]} {[%emt 00:08:25]}
Ne7 {[%clk 01:29:18]} {[%emt 00:04:11]} 10. a4 {[%clk 01:11:36]} {[%emt
00:05:34]} Ng6 {[%clk 01:28:32]} {[%emt 00:01:15]} 11. Re1 {[%clk 01:11:01]}
{[%emt 00:01:05]} Nf4 {[%clk 01:27:29]} {[%emt 00:01:33]} 12. Nf1 {[%clk
01:09:04]} {[%emt 00:02:27]} N6h5 {[%clk 01:24:58]} {[%emt 00:03:00]} 13. Be3
{[%clk 01:06:15]} {[%emt 00:03:20]} g6 {[%clk 01:11:20]} {[%emt 00:14:08]} 14.
Qd2 {[%clk 00:51:13]} {[%emt 00:15:32]} Qf6 {[%clk 01:09:17]} {[%emt 00:02:33]}
15. N1h2 {[%clk 00:45:14]} {[%emt 00:06:28]} Be6 {[%clk 01:01:19]} {[%emt
00:08:29]} 16. Bxe6 {[%clk 00:44:10]} {[%emt 00:01:35]} Nxe6 {[%clk 00:59:22]}
{[%emt 00:02:27]} 17. Ng4 {[%clk 00:41:03]} {[%emt 00:03:36]} Qe7 {[%clk
00:54:54]} {[%emt 00:04:57]} 18. d4 {[%clk 00:30:38]} {[%emt 00:10:55]} f6
{[%clk 00:52:47]} {[%emt 00:02:38]} 19. Kh2 {[%clk 00:24:50]} {[%emt 00:06:18]}
Kh8 {[%clk 00:45:41]} {[%emt 00:07:36]} 20. d5 {[%clk 00:24:08]} {[%emt
00:01:12]} Nd8 {[%clk 00:40:35]} {[%emt 00:05:36]} 21. c4 {[%clk 00:17:07]}
{[%emt 00:07:31]} Nf7 {[%clk 00:37:49]} {[%emt 00:03:16]} 22. a5 {[%clk
00:15:11]} {[%emt 00:02:26]} Bxe3 {[%clk 00:36:39]} {[%emt 00:01:39]} 23. Nxe3
{[%clk 00:15:21]} {[%emt 00:00:19]} Ng5 {[%clk 00:35:27]} {[%emt 00:01:43]} 24.
Nxg5 {[%clk 00:14:04]} {[%emt 00:01:47]} fxg5 {[%clk 00:35:37]} {[%emt
00:00:21]} 25. f3 {[%clk 00:13:43]} {[%emt 00:00:51]} Rf4 {[%clk 00:33:50]}
{[%emt 00:02:16]} 26. Rac1 {[%clk 00:12:22]} {[%emt 00:01:52]} Raf8 {[%clk
00:23:11]} {[%emt 00:11:08]} 27. c5 {[%clk 00:10:20]} {[%emt 00:02:33]} Nf6
{[%clk 00:18:25]} {[%emt 00:05:16]} 28. c6 {[%clk 00:09:20]} {[%emt 00:01:30]}
b5 {[%clk 00:15:00]} {[%emt 00:03:55]} 29. Qe2 {[%clk 00:07:31]} {[%emt
00:02:19]} Nh5 {[%clk 00:13:58]} {[%emt 00:01:32]} 30. Ng4 {[%clk 00:05:50]}
{[%emt 00:02:10]} Ng7 {[%clk 00:13:28]} {[%emt 00:01:01]} 31. Qe3 {[%clk
00:04:54]} {[%emt 00:01:25]} h5 {[%clk 00:12:46]} {[%emt 00:01:12]} 32. Nf2
{[%clk 00:04:58]} {[%emt 00:00:26]} Qd8 {[%clk 00:03:01]} {[%emt 00:10:15]} 33.
Qa7 {[%clk 00:04:06]} {[%emt 00:01:22]} Qc8 {[%clk 00:03:24]} {[%emt 00:00:07]}
34. Qe3 {[%clk 00:03:55]} {[%emt 00:00:41]} Qd8 {[%clk 00:02:19]} {[%emt
00:01:35]} 35. Qa7 {[%clk 00:04:15]} {[%emt 00:00:10]} Qc8 {[%clk 00:02:40]}
{[%emt 00:00:10]} 36. Qb7 {[%clk 00:03:45]} {[%emt 00:01:00]} R4f7 {[%clk
00:02:26]} {[%emt 00:00:43]} 37. Rf1 {[%clk 00:02:55]} {[%emt 00:01:21]} Qa8
{[%clk 00:01:56]} {[%emt 00:01:00]} 38. Nd3 {[%clk 00:02:13]} {[%emt 00:01:12]}
Rb8 {[%clk 00:02:05]} {[%emt 00:00:22]} 39. Qxa8 {[%clk 00:02:33]} {[%emt
00:00:09]} Rxa8 {[%clk 00:02:31]} {[%emt 00:00:05]} 40. Rc2 {[%clk 00:02:59]}
{[%emt 00:00:04]} Raf8 {[%clk 00:02:01]} {[%emt 00:00:59]} 41. Rcf2 {[%clk
00:03:18]} {[%emt 00:00:11]} h4 {[%clk 00:29:26]} {[%emt 00:03:04]} 42. Nc1
{[%clk 00:25:18]} {[%emt 00:08:30]} 1/2-1/2

[Event "ODJM B 2024"]
[Site "Willingen GER"]
[Date "2024.05.23"]
[Round "7"]
[White "Schmidt, Jan"]
[Black "Fischer, Lorenz"]
[Result "0-1"]
[Termination "normal"]
[Board "19"]
[WhiteElo "1663"]
[BlackElo "1714"]
[WhiteClock "00:00:59"]
[BlackClock "00:10:20"]
[PlyCount "70"]
[WhiteFideId "34625682"]
[BlackFideId "16296710"]
[EventCountry "GER"]
[EventRounds "9"]
[EventType "swiss"]
[EventDate "2024.05.18"]

1. d4 {[%clk 01:30:59]} {[%emt 00:00:01]} Nf6 {[%clk 01:30:54]} {[%emt
00:00:06]} 2. c4 {[%clk 01:31:21]} {[%emt 00:00:08]} c5 {[%clk 01:31:20]}
{[%emt 00:00:05]} 3. d5 {[%clk 01:31:39]} {[%emt 00:00:11]} b5 {[%clk
01:31:47]} {[%emt 00:00:04]} 4. cxb5 {[%clk 01:31:57]} {[%emt 00:00:11]} a6
{[%clk 01:32:13]} {[%emt 00:00:04]} 5. bxa6 {[%clk 01:32:13]} {[%emt 00:00:14]}
g6 {[%clk 01:32:38]} {[%emt 00:00:05]} 6. Nf3 {[%clk 01:32:15]} {[%emt
00:00:28]} Bg7 {[%clk 01:33:01]} {[%emt 00:00:08]} 7. g3 {[%clk 01:32:23]}
{[%emt 00:00:22]} O-O {[%clk 01:32:49]} {[%emt 00:00:41]} 8. Bg2 {[%clk
01:32:28]} {[%emt 00:00:25]} d6 {[%clk 01:33:14]} {[%emt 00:00:06]} 9. O-O
{[%clk 01:32:31]} {[%emt 00:00:26]} Bxa6 {[%clk 01:33:20]} {[%emt 00:00:25]}
10. Nc3 {[%clk 01:32:13]} {[%emt 00:00:48]} Qa5 {[%clk 01:32:36]} {[%emt
00:01:13]} 11. Qc2 {[%clk 01:25:48]} {[%emt 00:06:55]} Nbd7 {[%clk 01:29:23]}
{[%emt 00:03:43]} 12. Rb1 {[%clk 01:08:41]} {[%emt 00:17:37]} Rfb8 {[%clk
01:26:47]} {[%emt 00:03:06]} 13. b3 {[%clk 01:00:31]} {[%emt 00:08:40]} Ne8
{[%clk 01:14:15]} {[%emt 00:13:02]} 14. Bd2 {[%clk 00:51:09]} {[%emt 00:09:53]}
Nc7 {[%clk 01:05:08]} {[%emt 00:09:37]} 15. a4 {[%clk 00:46:01]} {[%emt
00:05:37]} Qb6 {[%clk 01:01:41]} {[%emt 00:03:57]} 16. Rfd1 {[%clk 00:39:47]}
{[%emt 00:06:43]} Bb7 {[%clk 00:52:17]} {[%emt 00:09:54]} 17. Nh4 {[%clk
00:34:05]} {[%emt 00:06:13]} Na6 {[%clk 00:48:25]} {[%emt 00:04:22]} 18. Nb5
{[%clk 00:25:28]} {[%emt 00:09:07]} Nb4 {[%clk 00:46:55]} {[%emt 00:02:00]} 19.
Bxb4 {[%clk 00:22:20]} {[%emt 00:03:38]} cxb4 {[%clk 00:46:17]} {[%emt
00:01:08]} 20. Qe4 {[%clk 00:20:51]} {[%emt 00:01:58]} Kf8 {[%clk 00:41:41]}
{[%emt 00:05:07]} 21. e3 {[%clk 00:16:07]} {[%emt 00:05:14]} Nc5 {[%clk
00:25:10]} {[%emt 00:17:01]} 22. Qxb4 {[%clk 00:15:08]} {[%emt 00:01:28]} Ba6
{[%clk 00:24:53]} {[%emt 00:00:48]} 23. Bf1 {[%clk 00:15:01]} {[%emt 00:00:36]}
Bxb5 {[%clk 00:23:06]} {[%emt 00:02:18]} 24. Bxb5 {[%clk 00:13:22]} {[%emt
00:02:09]} Ra7 {[%clk 00:21:02]} {[%emt 00:02:34]} 25. Qe1 {[%clk 00:11:58]}
{[%emt 00:01:54]} Rc7 {[%clk 00:18:23]} {[%emt 00:03:09]} 26. b4 {[%clk
00:10:56]} {[%emt 00:01:32]} Ne4 {[%clk 00:18:08]} {[%emt 00:00:45]} 27. Bc6
{[%clk 00:07:25]} {[%emt 00:04:01]} Nc3 {[%clk 00:14:46]} {[%emt 00:03:52]} 28.
b5 {[%clk 00:06:11]} {[%emt 00:01:44]} Nxd1 {[%clk 00:13:30]} {[%emt 00:01:46]}
29. a5 {[%clk 00:04:22]} {[%emt 00:02:19]} Qc5 {[%clk 00:12:34]} {[%emt
00:01:26]} 30. b6 {[%clk 00:02:08]} {[%emt 00:02:44]} Rcc8 {[%clk 00:09:59]}
{[%emt 00:03:05]} 31. Rxd1 {[%clk 00:01:28]} {[%emt 00:01:10]} Bc3 {[%clk
00:09:19]} {[%emt 00:01:10]} 32. Rc1 {[%clk 00:00:41]} {[%emt 00:01:17]} Bxe1
{[%clk 00:09:42]} {[%emt 00:00:06]} 33. Rxc5 {[%clk 00:00:53]} {[%emt
00:00:18]} dxc5 {[%clk 00:10:11]} {[%emt 00:00:01]} 34. b7 {[%clk 00:01:08]}
{[%emt 00:00:16]} Rxc6 {[%clk 00:09:52]} {[%emt 00:00:48]} 35. dxc6 {[%clk
00:00:59]} {[%emt 00:00:39]} Bxa5 {[%clk 00:10:20]} {[%emt 00:00:02]} 0-1

[Event "ODJM B 2024"]
[Site "Willingen GER"]
[Date "2024.05.23"]
[Round "7"]
[White "Klages, Jonas"]
[Black "Reger, Christoph"]
[Result "1-0"]
[Termination "normal"]
[Board "20"]
[WhiteElo "1693"]
[BlackElo "1623"]
[WhiteClock "00:28:10"]
[BlackClock "00:32:13"]
[PlyCount "101"]
[WhiteFideId "34639993"]
[BlackFideId "16287606"]
[EventCountry "GER"]
[EventRounds "9"]
[EventType "swiss"]
[EventDate "2024.05.18"]

1. e4 {[%clk 01:30:59]} {[%emt 00:06:42]} c5 {[%clk 01:30:57]} {[%emt
00:00:03]} 2. Nf3 {[%clk 01:31:24]} {[%emt 00:00:05]} e6 {[%clk 01:31:24]}
{[%emt 00:00:03]} 3. d4 {[%clk 01:31:48]} {[%emt 00:00:06]} cxd4 {[%clk
01:31:50]} {[%emt 00:00:04]} 4. Nxd4 {[%clk 01:32:14]} {[%emt 00:00:05]} a6
{[%clk 01:32:16]} {[%emt 00:00:03]} 5. Bd3 {[%clk 01:32:37]} {[%emt 00:00:07]}
Qc7 {[%clk 01:32:38]} {[%emt 00:00:09]} 6. O-O {[%clk 01:33:02]} {[%emt
00:00:05]} Nf6 {[%clk 01:32:54]} {[%emt 00:00:14]} 7. Re1 {[%clk 01:32:49]}
{[%emt 00:00:42]} Nc6 {[%clk 01:31:55]} {[%emt 00:01:30]} 8. Nf3 {[%clk
01:23:21]} {[%emt 00:09:57]} d6 {[%clk 01:25:37]} {[%emt 00:06:48]} 9. Nc3
{[%clk 01:05:25]} {[%emt 00:18:26]} b5 {[%clk 01:24:38]} {[%emt 00:01:30]} 10.
a3 {[%clk 01:05:33]} {[%emt 00:00:21]} Be7 {[%clk 01:23:40]} {[%emt 00:01:28]}
11. Bg5 {[%clk 01:01:02]} {[%emt 00:05:01]} h6 {[%clk 01:22:29]} {[%emt
00:01:41]} 12. Be3 {[%clk 00:58:58]} {[%emt 00:02:33]} Ng4 {[%clk 01:16:58]}
{[%emt 00:06:01]} 13. Bc1 {[%clk 00:51:51]} {[%emt 00:07:38]} Bb7 {[%clk
01:10:52]} {[%emt 00:06:37]} 14. h3 {[%clk 00:46:34]} {[%emt 00:05:46]} Nf6
{[%clk 01:06:47]} {[%emt 00:04:34]} 15. Be3 {[%clk 00:41:32]} {[%emt 00:05:32]}
g5 {[%clk 01:02:49]} {[%emt 00:04:28]} 16. Nh2 {[%clk 00:37:18]} {[%emt
00:04:45]} Ne5 {[%clk 00:58:53]} {[%emt 00:04:25]} 17. Bd4 {[%clk 00:31:06]}
{[%emt 00:06:43]} Ned7 {[%clk 00:47:26]} {[%emt 00:11:56]} 18. Qe2 {[%clk
00:25:00]} {[%emt 00:06:36]} e5 {[%clk 00:40:56]} {[%emt 00:07:00]} 19. Be3
{[%clk 00:24:52]} {[%emt 00:00:38]} d5 {[%clk 00:37:06]} {[%emt 00:04:21]} 20.
exd5 {[%clk 00:24:00]} {[%emt 00:01:22]} Nxd5 {[%clk 00:36:48]} {[%emt
00:00:47]} 21. Nxd5 {[%clk 00:23:56]} {[%emt 00:00:35]} Bxd5 {[%clk 00:37:12]}
{[%emt 00:00:05]} 22. Rad1 {[%clk 00:23:58]} {[%emt 00:00:29]} Qc6 {[%clk
00:28:07]} {[%emt 00:09:35]} 23. Bf5 {[%emt 00:13:10]} Rd8 {[%clk 00:17:59]}
24. Bd4 {[%clk 00:15:52]} {[%emt 00:06:34]} O-O {[%clk 00:08:53]} {[%emt
00:09:35]} 25. Bxd7 {[%clk 00:15:33]} {[%emt 00:00:50]} Rxd7 {[%clk 00:08:12]}
{[%emt 00:01:11]} 26. Qxe5 {[%clk 00:15:50]} {[%emt 00:00:13]} f6 {[%clk
00:08:03]} {[%emt 00:00:38]} 27. Qf5 {[%clk 00:15:22]} {[%emt 00:00:58]} Kg7
{[%clk 00:04:23]} {[%emt 00:04:11]} 28. Nf1 {[%clk 00:11:06]} {[%emt 00:04:46]}
Rc7 {[%clk 00:02:24]} {[%emt 00:02:29]} 29. Ng3 {[%clk 00:09:40]} {[%emt
00:01:55]} Bf7 {[%clk 00:02:12]} {[%emt 00:00:42]} 30. c3 {[%clk 00:04:43]}
{[%emt 00:05:28]} Bg6 {[%clk 00:02:16]} {[%emt 00:00:26]} 31. Qg4 {[%clk
00:04:03]} {[%emt 00:01:09]} Bd6 {[%clk 00:00:56]} {[%emt 00:01:51]} 32. Nf5+
{[%clk 00:04:12]} {[%emt 00:00:21]} Bxf5 {[%clk 00:01:22]} {[%emt 00:00:04]}
33. Qxf5 {[%clk 00:04:39]} {[%emt 00:00:02]} Qd7 {[%clk 00:01:41]} {[%emt
00:00:11]} 34. Qxd7+ {[%clk 00:04:05]} {[%emt 00:01:05]} Rxd7 {[%clk 00:02:08]}
{[%emt 00:00:03]} 35. Re6 {[%clk 00:03:56]} {[%emt 00:00:39]} Be7 {[%clk
00:01:02]} {[%emt 00:01:36]} 36. Rde1 {[%clk 00:03:54]} {[%emt 00:00:31]} Rf7
{[%clk 00:01:11]} {[%emt 00:00:21]} 37. Rxa6 {[%clk 00:03:38]} {[%emt
00:00:46]} Bd8 {[%clk 00:01:36]} {[%emt 00:00:06]} 38. Rae6 {[%clk 00:02:25]}
{[%emt 00:01:43]} Kg6 {[%clk 00:01:08]} {[%emt 00:00:58]} 39. Kf1 {[%clk
00:01:48]} {[%emt 00:01:07]} Rde7 {[%clk 00:01:06]} {[%emt 00:00:32]} 40. Rxe7
{[%clk 00:01:53]} {[%emt 00:00:24]} Rxe7 {[%clk 00:01:35]} {[%emt 00:00:02]}
41. Rxe7 {[%clk 00:02:06]} {[%emt 00:00:17]} Bxe7 {[%clk 00:02:02]} {[%emt
00:00:03]} 42. g4 {[%clk 00:01:00]} {[%emt 00:01:36]} f5 {[%clk 00:01:33]}
{[%emt 00:00:59]} 43. f3 {[%clk 00:00:45]} {[%emt 00:00:44]} h5 {[%clk
00:01:49]} {[%emt 00:00:15]} 44. Ke2 {[%clk 00:00:54]} {[%emt 00:00:21]} fxg4
{[%clk 00:02:06]} {[%emt 00:00:12]} 45. fxg4 {[%clk 00:01:15]} {[%emt
00:00:10]} hxg4 {[%clk 00:02:33]} {[%emt 00:00:02]} 46. hxg4 {[%clk 00:01:38]}
{[%emt 00:00:08]} Kf7 {[%clk 00:03:02]} {[%emt 00:00:01]} 47. Kd3 {[%clk
00:30:23]} {[%emt 00:01:44]} Ke6 {[%clk 00:33:25]} {[%emt 00:00:08]} 48. c4
{[%clk 00:30:19]} {[%emt 00:00:34]} b4 {[%clk 00:32:12]} {[%emt 00:01:41]} 49.
axb4 {[%clk 00:29:45]} {[%emt 00:01:05]} Bxb4 {[%clk 00:32:37]} {[%emt
00:00:05]} 50. Be3 {[%clk 00:29:47]} {[%emt 00:00:28]} Be7 {[%clk 00:32:13]}
{[%emt 00:00:54]} 51. Ke4 {[%clk 00:28:10]} {[%emt 00:02:01]} 1-0

[Event "ODJM B 2024"]
[Site "Willingen GER"]
[Date "2024.05.23"]
[Round "7"]
[White "Hendler, Maximilian"]
[Black "Prashanthakumar, Arju"]
[Result "1/2-1/2"]
[Termination "normal"]
[Board "21"]
[WhiteElo "1616"]
[BlackElo "1668"]
[WhiteClock "00:57:28"]
[BlackClock "01:02:32"]
[PlyCount "33"]
[WhiteFideId "34616500"]
[BlackFideId "34604065"]
[EventCountry "GER"]
[EventRounds "9"]
[EventType "swiss"]
[EventDate "2024.05.18"]

1. e4 {[%clk 01:30:57]} {[%emt 00:00:02]} e6 {[%clk 01:30:56]} {[%emt
00:00:05]} 2. d4 {[%clk 01:31:21]} {[%emt 00:00:06]} d5 {[%clk 01:31:22]}
{[%emt 00:00:04]} 3. Nd2 {[%clk 01:31:38]} {[%emt 00:00:12]} Nf6 {[%clk
01:31:07]} {[%emt 00:00:45]} 4. e5 {[%clk 01:31:58]} {[%emt 00:00:10]} Nfd7
{[%clk 01:31:31]} {[%emt 00:00:05]} 5. f4 {[%clk 01:32:14]} {[%emt 00:00:15]}
c5 {[%clk 01:31:45]} {[%emt 00:00:16]} 6. c3 {[%clk 01:32:33]} {[%emt
00:00:11]} Nc6 {[%clk 01:32:08]} {[%emt 00:00:07]} 7. Ndf3 {[%clk 01:32:34]}
{[%emt 00:00:30]} Be7 {[%clk 01:31:37]} {[%emt 00:01:01]} 8. Bd3 {[%clk
01:29:16]} {[%emt 00:03:48]} O-O {[%clk 01:30:15]} {[%emt 00:01:51]} 9. Nh3
{[%clk 01:22:53]} {[%emt 00:06:53]} f6 {[%clk 01:23:54]} {[%emt 00:06:52]} 10.
Nfg5 {[%clk 00:56:52]} {[%emt 00:26:31]} fxg5 {[%clk 01:15:17]} {[%emt
00:09:07]} 11. Qh5 {[%clk 00:56:35]} {[%emt 00:00:46]} g6 {[%clk 01:01:26]}
{[%emt 00:14:21]} 12. Bxg6 {[%clk 00:56:51]} {[%emt 00:00:13]} hxg6 {[%clk
01:01:37]} {[%emt 00:00:20]} 13. Qxg6+ {[%clk 00:57:14]} {[%emt 00:00:07]} Kh8
{[%clk 01:01:43]} {[%emt 00:00:24]} 14. Qh6+ {[%clk 00:56:28]} {[%emt
00:01:16]} Kg8 {[%clk 01:01:46]} {[%emt 00:00:27]} 15. Qg6+ {[%clk 00:56:45]}
{[%emt 00:00:13]} Kh8 {[%clk 01:02:08]} {[%emt 00:00:07]} 16. Qh6+ {[%clk
00:57:04]} {[%emt 00:00:11]} Kg8 {[%clk 01:02:32]} {[%emt 00:00:07]} 17. Qg6+
{[%clk 00:57:28]} {[%emt 00:00:06]} 1/2-1/2

[Event "ODJM B 2024"]
[Site "Willingen GER"]
[Date "2024.05.23"]
[Round "7"]
[White "Studzinski, Bruno"]
[Black "Averkova, Mariia"]
[Result "0-1"]
[Termination "normal"]
[Board "23"]
[WhiteElo "1815"]
[BlackElo "1608"]
[WhiteClock "00:33:47"]
[BlackClock "00:01:58"]
[PlyCount "114"]
[WhiteFideId "16296478"]
[BlackFideId "34651470"]
[EventCountry "GER"]
[EventRounds "9"]
[EventType "swiss"]
[EventDate "2024.05.18"]

1. d4 {[%clk 01:30:57]} {[%emt 00:00:02]} d5 {[%clk 01:30:55]} {[%emt
00:00:07]} 2. Bf4 {[%clk 01:31:23]} {[%emt 00:00:04]} Nf6 {[%clk 01:31:17]}
{[%emt 00:00:07]} 3. e3 {[%clk 01:31:49]} {[%emt 00:00:04]} c5 {[%clk
01:31:34]} {[%emt 00:00:14]} 4. c3 {[%clk 01:32:06]} {[%emt 00:00:13]} Nc6
{[%clk 01:31:46]} {[%emt 00:00:18]} 5. Nd2 {[%clk 01:32:21]} {[%emt 00:00:15]}
Bf5 {[%clk 01:30:28]} {[%emt 00:01:47]} 6. Ngf3 {[%clk 01:31:53]} {[%emt
00:00:58]} Qb6 {[%clk 01:28:36]} {[%emt 00:02:23]} 7. Qb3 {[%clk 01:32:03]}
{[%emt 00:00:18]} c4 {[%clk 01:27:55]} {[%emt 00:01:12]} 8. Qxb6 {[%clk
01:32:16]} axb6 {[%clk 01:28:21]} {[%emt 00:00:21]} 9. Be2 {[%clk 01:32:14]}
{[%emt 00:00:32]} b5 {[%clk 01:27:08]} {[%emt 00:01:44]} 10. O-O {[%clk
01:31:09]} {[%emt 00:01:34]} b4 {[%clk 01:26:27]} {[%emt 00:01:11]} 11. Nh4
{[%clk 01:28:29]} {[%emt 00:03:08]} Bd7 {[%clk 01:23:05]} {[%emt 00:03:54]} 12.
Nhf3 {[%clk 01:24:27]} {[%emt 00:04:32]} bxc3 {[%clk 01:22:27]} {[%emt
00:01:09]} 13. bxc3 {[%clk 01:24:56]} {[%emt 00:00:01]} Bf5 {[%clk 01:18:54]}
{[%emt 00:04:03]} 14. Ne5 {[%clk 01:23:39]} {[%emt 00:01:46]} h6 {[%clk
01:17:48]} {[%emt 00:01:36]} 15. h3 {[%clk 01:20:23]} {[%emt 00:03:45]} e6
{[%clk 01:16:25]} {[%emt 00:01:54]} 16. Nxc6 {[%clk 01:18:41]} {[%emt
00:02:12]} bxc6 {[%clk 01:16:43]} {[%emt 00:00:12]} 17. a4 {[%clk 01:18:48]}
{[%emt 00:00:23]} c5 {[%clk 01:10:19]} {[%emt 00:06:55]} 18. f3 {[%clk
01:18:49]} {[%emt 00:00:28]} cxd4 {[%clk 01:05:56]} {[%emt 00:04:53]} 19. exd4
{[%clk 01:18:02]} {[%emt 00:01:17]} Be7 {[%clk 01:05:18]} {[%emt 00:01:08]} 20.
Rfc1 {[%clk 01:11:57]} {[%emt 00:06:34]} O-O {[%clk 01:03:07]} {[%emt
00:02:42]} 21. Bd1 {[%clk 01:11:20]} {[%emt 00:01:06]} Ra6 {[%clk 00:56:28]}
{[%emt 00:07:10]} 22. Bc2 {[%clk 01:10:20]} {[%emt 00:01:30]} Bxc2 {[%clk
00:55:08]} {[%emt 00:01:51]} 23. Rxc2 {[%clk 01:10:49]} {[%emt 00:00:01]} Rfa8
{[%clk 00:55:23]} {[%emt 00:00:14]} 24. Rca2 {[%clk 01:10:36]} {[%emt
00:00:43]} Nd7 {[%clk 00:55:11]} {[%emt 00:00:41]} 25. Bc7 {[%clk 01:08:35]}
{[%emt 00:02:31]} R8a7 {[%clk 00:55:28]} {[%emt 00:00:14]} 26. Bf4 {[%clk
01:06:36]} {[%emt 00:02:29]} Nb6 {[%clk 00:55:23]} {[%emt 00:00:35]} 27. a5
{[%clk 01:06:30]} {[%emt 00:00:36]} Nd7 {[%clk 00:55:46]} {[%emt 00:00:07]} 28.
Nb1 {[%clk 00:58:36]} {[%emt 00:08:24]} Bd8 {[%clk 00:53:46]} {[%emt 00:02:30]}
29. Bc1 {[%clk 00:55:31]} {[%emt 00:03:35]} Rxa5 {[%clk 00:51:15]} {[%emt
00:03:01]} 30. Ra3 {[%clk 00:51:03]} {[%emt 00:04:59]} Rxa3 {[%clk 00:48:54]}
{[%emt 00:02:50]} 31. Rxa3 {[%clk 00:51:29]} {[%emt 00:00:04]} Rxa3 {[%clk
00:48:35]} {[%emt 00:00:49]} 32. Bxa3 {[%clk 00:51:58]} {[%emt 00:00:01]} Ba5
{[%clk 00:47:31]} {[%emt 00:01:34]} 33. Bb4 {[%clk 00:50:37]} {[%emt 00:01:52]}
Bxb4 {[%clk 00:44:39]} {[%emt 00:03:21]} 34. cxb4 {[%clk 00:51:06]} {[%emt
00:00:01]} Kf8 {[%clk 00:43:47]} {[%emt 00:01:22]} 35. Nc3 {[%clk 00:50:16]}
{[%emt 00:01:21]} Nb8 {[%clk 00:41:07]} {[%emt 00:03:09]} 36. b5 {[%clk
00:50:38]} {[%emt 00:00:09]} Ke7 {[%clk 00:40:31]} {[%emt 00:01:05]} 37. Kf2
{[%clk 00:51:00]} {[%emt 00:00:08]} Kd6 {[%clk 00:39:47]} {[%emt 00:01:14]} 38.
Ke3 {[%clk 00:50:41]} {[%emt 00:00:49]} f6 {[%clk 00:36:56]} {[%emt 00:03:21]}
39. f4 {[%clk 00:50:49]} {[%emt 00:00:22]} Nd7 {[%clk 00:33:11]} {[%emt
00:04:15]} 40. Na4 {[%clk 00:49:42]} {[%emt 00:01:38]} Nf8 {[%clk 00:26:27]}
{[%emt 00:07:13]} 41. Nc5 {[%clk 00:49:13]} {[%emt 00:00:59]} e5 {[%clk
00:20:14]} {[%emt 00:06:43]} 42. fxe5+ {[%clk 00:48:49]} {[%emt 00:00:54]} fxe5
{[%clk 00:19:44]} {[%emt 00:00:59]} 43. b6 {[%clk 00:45:53]} {[%emt 00:03:27]}
e4 {[%clk 00:12:02]} {[%emt 00:08:11]} 44. b7 {[%clk 00:45:13]} {[%emt
00:01:11]} Kc7 {[%clk 00:11:48]} {[%emt 00:00:44]} 45. Na6+ {[%clk 00:41:13]}
{[%emt 00:04:30]} Kxb7 {[%clk 00:11:09]} {[%emt 00:01:09]} 46. Nb4 {[%clk
00:40:59]} {[%emt 00:00:45]} Nd7 {[%clk 00:07:59]} {[%emt 00:03:38]} 47. Nxd5
{[%clk 00:40:41]} {[%emt 00:00:48]} Nf6 {[%clk 00:06:46]} {[%emt 00:01:44]} 48.
Nxf6 {[%clk 00:37:00]} {[%emt 00:04:11]} gxf6 {[%clk 00:07:08]} {[%emt
00:00:08]} 49. Kxe4 {[%clk 00:37:27]} {[%emt 00:00:03]} f5+ {[%clk 00:04:40]}
{[%emt 00:02:58]} 50. Ke3 {[%clk 00:37:49]} {[%emt 00:00:07]} Kc6 {[%clk
00:04:00]} {[%emt 00:01:10]} 51. Kd2 {[%clk 00:37:02]} {[%emt 00:01:18]} Kd5
{[%clk 00:03:29]} {[%emt 00:01:00]} 52. Ke3 {[%clk 00:31:43]} {[%emt 00:05:49]}
f4+ {[%clk 00:02:24]} {[%emt 00:01:34]} 53. Kxf4 {[%clk 00:32:07]} {[%emt
00:00:07]} Kxd4 {[%clk 00:02:42]} {[%emt 00:00:13]} 54. Kf5 {[%clk 00:32:28]}
{[%emt 00:00:08]} c3 {[%clk 00:02:47]} {[%emt 00:00:26]} 55. Kg6 {[%clk
00:32:54]} {[%emt 00:00:03]} c2 {[%clk 00:03:06]} {[%emt 00:00:12]} 56. Kxh6
{[%clk 00:33:20]} {[%emt 00:00:04]} c1=Q+ {[%clk 00:03:24]} {[%emt 00:00:12]}
57. Kh5 {[%clk 00:33:47]} {[%emt 00:00:02]} Qf1 {[%clk 00:01:58]} {[%emt
00:01:56]} 0-1